<?xml version="1.0" encoding="UTF-8"?>
<record
    xmlns:xsi="http://www.w3.org/2001/XMLSchema-instance"
    xsi:schemaLocation="http://www.loc.gov/MARC21/slim http://www.loc.gov/standards/marcxml/schema/MARC21slim.xsd"
    xmlns="http://www.loc.gov/MARC21/slim">

  <leader>00945    a2200301   4500</leader>
  <controlfield tag="001">6169</controlfield>
  <datafield tag="020" ind1=" " ind2=" ">
    <subfield code="a">9788578270698</subfield>
  </datafield>
  <datafield tag="082" ind1=" " ind2=" ">
    <subfield code="a">[Fic]</subfield>
  </datafield>
  <datafield tag="100" ind1=" " ind2=" ">
    <subfield code="a">Lewis, C. S.</subfield>
  </datafield>
  <datafield tag="240" ind1="1" ind2="0">
    <subfield code="a">The complete chronicles of Narnia</subfield>
  </datafield>
  <datafield tag="250" ind1=" " ind2=" ">
    <subfield code="a">2. ed. -</subfield>
  </datafield>
  <datafield tag="505" ind1=" " ind2=" ">
    <subfield code="a">Volume &#xFA;nico</subfield>
  </datafield>
  <datafield tag="521" ind1=" " ind2=" ">
    <subfield code="a">Year 5</subfield>
  </datafield>
  <datafield tag="650" ind1=" " ind2="4">
    <subfield code="a">Literatura</subfield>
  </datafield>
  <datafield tag="697" ind1=" " ind2=" ">
    <subfield code="a">Literatura irlandesa</subfield>
  </datafield>
  <datafield tag="697" ind1=" " ind2=" ">
    <subfield code="a">Fic&#xE7;&#xE3;o irlandesa</subfield>
  </datafield>
  <datafield tag="697" ind1=" " ind2=" ">
    <subfield code="a">Literatura inantojuvenil</subfield>
  </datafield>
  <datafield tag="740" ind1=" " ind2=" ">
    <subfield code="a">The complete chronicles of Narnia</subfield>
  </datafield>
  <datafield tag="856" ind1=" " ind2=" ">
    <subfield code="u">000027/00002783.jpg</subfield>
  </datafield>
  <datafield tag="040" ind1=" " ind2=" ">
    <subfield code="a">BIBLIODATA</subfield>
    <subfield code="b">por</subfield>
    <subfield code="d">BR-BrIDEA</subfield>
  </datafield>
  <datafield tag="041" ind1=" " ind2=" ">
    <subfield code="a">por</subfield>
    <subfield code="h">eng</subfield>
  </datafield>
  <datafield tag="090" ind1=" " ind2=" ">
    <subfield code="a">Year 5 [Fic]</subfield>
    <subfield code="b">LEW</subfield>
  </datafield>
  <datafield tag="245" ind1="1" ind2="0">
    <subfield code="a">As cr&#xF4;nicas de N&#xE1;rnia</subfield>
    <subfield code="c">C. S. Lewis ; com ilustra&#xE7;&#xF5;es de Pauline Baynes ; tradu&#xE7;&#xE3;o Paulo Mendes Campos, Sil&#xEA;da Steuernagel.</subfield>
  </datafield>
  <datafield tag="260" ind1=" " ind2=" ">
    <subfield code="a">S&#xE3;o Paulo,  SP</subfield>
    <subfield code="b">WMF Martins Fontes</subfield>
    <subfield code="c">2009</subfield>
  </datafield>
  <datafield tag="300" ind1=" " ind2=" ">
    <subfield code="a">751 p. </subfield>
    <subfield code="b">il</subfield>
  </datafield>
  <datafield tag="700" ind1=" " ind2=" ">
    <subfield code="a">Baynes, Pauline</subfield>
    <subfield code="a">Campos, Paulo Mendes</subfield>
    <subfield code="d">1922-1991</subfield>
    <subfield code="a">Steuernagel, Sil&#xEA;da</subfield>
  </datafield>
  <datafield tag="942" ind1=" " ind2=" ">
    <subfield code="c">BK</subfield>
  </datafield>
  <datafield tag="952" ind1=" " ind2=" ">
    <subfield code="0">0</subfield>
    <subfield code="1">0</subfield>
    <subfield code="4">0</subfield>
    <subfield code="7">0</subfield>
    <subfield code="a">46.3</subfield>
    <subfield code="b">46.3</subfield>
    <subfield code="d">2020-01-17</subfield>
    <subfield code="g">34.90</subfield>
    <subfield code="l">0</subfield>
    <subfield code="r">2023-09-19 12:59:05</subfield>
    <subfield code="w">2023-09-19</subfield>
    <subfield code="y">BK</subfield>
  </datafield>
  <datafield tag="952" ind1=" " ind2=" ">
    <subfield code="0">0</subfield>
    <subfield code="1">0</subfield>
    <subfield code="4">0</subfield>
    <subfield code="7">0</subfield>
    <subfield code="a">46.3</subfield>
    <subfield code="b">46.3</subfield>
    <subfield code="d">2020-01-17</subfield>
    <subfield code="g">34.90</subfield>
    <subfield code="l">0</subfield>
    <subfield code="r">2023-09-19 12:59:05</subfield>
    <subfield code="w">2023-09-19</subfield>
    <subfield code="y">BK</subfield>
  </datafield>
  <datafield tag="952" ind1=" " ind2=" ">
    <subfield code="0">0</subfield>
    <subfield code="1">0</subfield>
    <subfield code="2">udc</subfield>
    <subfield code="4">0</subfield>
    <subfield code="7">0</subfield>
    <subfield code="a">46.2</subfield>
    <subfield code="b">46.2</subfield>
    <subfield code="d">2020-01-22</subfield>
    <subfield code="g">34.90</subfield>
    <subfield code="l">1</subfield>
    <subfield code="p">03730</subfield>
    <subfield code="r">2024-04-16 10:16:52</subfield>
    <subfield code="s">2024-04-04</subfield>
    <subfield code="t">1</subfield>
    <subfield code="w">2023-09-19</subfield>
    <subfield code="y">BK</subfield>
    <subfield code="u"></subfield>
  </datafield>
  <datafield tag="952" ind1=" " ind2=" ">
    <subfield code="0">0</subfield>
    <subfield code="1">0</subfield>
    <subfield code="2">udc</subfield>
    <subfield code="4">0</subfield>
    <subfield code="7">0</subfield>
    <subfield code="a">46.2</subfield>
    <subfield code="b">46.2</subfield>
    <subfield code="d">2020-01-22</subfield>
    <subfield code="g">34.90</subfield>
    <subfield code="l">1</subfield>
    <subfield code="p">03731</subfield>
    <subfield code="q">2024-04-22</subfield>
    <subfield code="r">2024-04-15 15:58:14</subfield>
    <subfield code="s">2024-04-15</subfield>
    <subfield code="t">2</subfield>
    <subfield code="w">2023-09-19</subfield>
    <subfield code="y">BK</subfield>
    <subfield code="u"></subfield>
  </datafield>
  <datafield tag="952" ind1=" " ind2=" ">
    <subfield code="0">0</subfield>
    <subfield code="1">0</subfield>
    <subfield code="4">0</subfield>
    <subfield code="7">0</subfield>
    <subfield code="a">88.1</subfield>
    <subfield code="b">88.1</subfield>
    <subfield code="d">2023-11-22</subfield>
    <subfield code="l">0</subfield>
    <subfield code="o">LJ 028.5 L673c</subfield>
    <subfield code="p">6829/CSP</subfield>
    <subfield code="r">2023-11-22 14:32:45</subfield>
    <subfield code="w">2023-11-22</subfield>
    <subfield code="y">BK</subfield>
  </datafield>
  <datafield tag="952" ind1=" " ind2=" ">
    <subfield code="0">0</subfield>
    <subfield code="1">0</subfield>
    <subfield code="2">ddc</subfield>
    <subfield code="4">0</subfield>
    <subfield code="7">0</subfield>
    <subfield code="a">12.28</subfield>
    <subfield code="b">12.28</subfield>
    <subfield code="d">2019-12-23</subfield>
    <subfield code="l">0</subfield>
    <subfield code="o">Year 5 [Fic] LEW</subfield>
    <subfield code="p">00046941SSW</subfield>
    <subfield code="r">2024-01-23 14:57:44</subfield>
    <subfield code="w">2024-01-23</subfield>
    <subfield code="y">BK</subfield>
  </datafield>
  <datafield tag="952" ind1=" " ind2=" ">
    <subfield code="0">0</subfield>
    <subfield code="1">0</subfield>
    <subfield code="2">ddc</subfield>
    <subfield code="4">0</subfield>
    <subfield code="7">0</subfield>
    <subfield code="a">12.28</subfield>
    <subfield code="b">12.28</subfield>
    <subfield code="d">2020-12-29</subfield>
    <subfield code="l">1</subfield>
    <subfield code="o">P Year 5 [Fic] LEW</subfield>
    <subfield code="p">00052562SSW</subfield>
    <subfield code="r">2024-05-07 16:56:06</subfield>
    <subfield code="s">2024-04-30</subfield>
    <subfield code="w">2024-01-23</subfield>
    <subfield code="y">BK</subfield>
  </datafield>
  <datafield tag="952" ind1=" " ind2=" ">
    <subfield code="0">0</subfield>
    <subfield code="1">0</subfield>
    <subfield code="2">ddc</subfield>
    <subfield code="4">0</subfield>
    <subfield code="7">0</subfield>
    <subfield code="a">12.27</subfield>
    <subfield code="b">12.27</subfield>
    <subfield code="d">2020-12-29</subfield>
    <subfield code="l">7</subfield>
    <subfield code="o">AP Year 5 [Fic] LEW</subfield>
    <subfield code="p">00052563AGC</subfield>
    <subfield code="r">2024-06-18 11:50:12</subfield>
    <subfield code="s">2024-06-18</subfield>
    <subfield code="w">2024-01-23</subfield>
    <subfield code="y">BK</subfield>
  </datafield>
  <datafield tag="952" ind1=" " ind2=" ">
    <subfield code="0">0</subfield>
    <subfield code="1">0</subfield>
    <subfield code="4">0</subfield>
    <subfield code="7">0</subfield>
    <subfield code="a">12.10</subfield>
    <subfield code="b">12.10</subfield>
    <subfield code="d">2024-02-09</subfield>
    <subfield code="l">0</subfield>
    <subfield code="o">LEW</subfield>
    <subfield code="p">A24315</subfield>
    <subfield code="r">2024-02-09 21:25:02</subfield>
    <subfield code="w">2024-02-09</subfield>
    <subfield code="y">BK</subfield>
  </datafield>
  <datafield tag="952" ind1=" " ind2=" ">
    <subfield code="0">0</subfield>
    <subfield code="1">0</subfield>
    <subfield code="4">0</subfield>
    <subfield code="7">0</subfield>
    <subfield code="a">71.1</subfield>
    <subfield code="b">71.1</subfield>
    <subfield code="d">2024-03-27</subfield>
    <subfield code="l">0</subfield>
    <subfield code="o">808.8 L673c</subfield>
    <subfield code="p">O019248</subfield>
    <subfield code="r">2024-03-27 22:39:00</subfield>
    <subfield code="w">2024-03-27</subfield>
    <subfield code="y">BK</subfield>
  </datafield>
  <datafield tag="999" ind1=" " ind2=" ">
    <subfield code="c">6169</subfield>
    <subfield code="d">6169</subfield>
  </datafield>
</record>
